[Event "C.to Provinciale BG"]
[Site "Bergamo ITA"]
[Date "2006.10.20"]
[Round "3"]
[White "Salvetti, Carlo"]
[Black "Impellizzeri, Francesco"]
[Result "0-1"]
[WhiteElo "1377"]
[BlackElo "1688"]
[PlyCount "38"]
[EventDate "2006.10.06"]

1. e4 e6 2. d4 d5 3. e5 c5 4. c4 cxd4 5. cxd5 Qxd5 6. Nf3 Nc6 7. a3 a5 8. Nbd2
Nh6 9. Qb3 Qd8 10. Bb5 Nf5 11. O-O h5 12. Ne4 Be7 13. Rd1 O-O 14. Qc4 Qb6 15.
Bg5 Bxg5 16. Nexg5 Rd8 17. Rac1 Bd7 18. Ne4 Nxe5 19. Nxd4 Nxc4 0-1

[Event "C.to Provinciale BG"]
[Site "Bergamo ITA"]
[Date "2006.10.20"]
[Round "3"]
[White "Valsecchi, Alessio"]
[Black "Bassis, Ivano"]
[Result "1/2-1/2"]
[WhiteElo "2030"]
[BlackElo "2023"]
[PlyCount "59"]
[EventDate "2006.10.06"]

1. e4 d5 2. exd5 Qxd5 3. Nc3 Qa5 4. d4 Nf6 5. Bc4 c6 6. Nf3 Bf5 7. Qe2 e6 8.
Bd2 Bb4 9. O-O-O Nbd7 10. Ne5 Nxe5 11. dxe5 Nd5 12. Bxd5 exd5 13. g4 d4 14. Nb1
Be6 15. a3 Bxd2+ 16. Nxd2 O-O-O 17. Nc4 Bxc4 18. Qxc4 Qxe5 19. Qxf7 Rhf8 20.
Qb3 Rxf2 21. Rde1 Re2 22. Rxe2 Qxe2 23. Qh3 Qe6 24. Rf1 h6 25. Kb1 Rd7 26. Qh5
Kc7 27. Qa5+ Kd6 28. Re1 Qd5 29. Qxa7 Kc7 30. Re8 1/2-1/2

[Event "C.to Provinciale BG"]
[Site "Bergamo ITA"]
[Date "2006.10.20"]
[Round "3"]
[White "Villa, Claudio"]
[Black "Riva, Carlo"]
[Result "1-0"]
[WhiteElo "1798"]
[BlackElo "1601"]
[PlyCount "87"]
[EventDate "2006.10.06"]

1. b3 d5 2. Bb2 Bf5 3. Nf3 e6 4. g3 Be4 5. Bg2 Bxf3 6. Bxf3 c6 7. O-O Nd7 8. d3
Ngf6 9. Nd2 Bd6 10. c4 O-O 11. Qc2 Be5 12. d4 Bd6 13. c5 Bc7 14. e4 dxe4 15.
Nxe4 Nxe4 16. Bxe4 Nf6 17. Bg2 Nd5 18. Rae1 Qf6 19. f4 Rae8 20. a3 Qh6 21. Bc1
f5 22. Qc4 Qf6 23. b4 a6 24. Bb2 Qh6 25. a4 Kh8 26. Re2 Rf6 27. Bxd5 cxd5 28.
Qxd5 g5 29. Qd7 Qh5 30. Rg2 Qf7 31. Qxf7 Rxf7 32. d5+ Kg8 33. d6 Bd8 34. Re2
gxf4 35. gxf4 Bf6 36. Bxf6 Rxf6 37. d7 Rd8 38. Rd1 Kf7 39. b5 Ke7 40. c6 bxc6
41. bxc6 Rff8 42. Red2 Rg8+ 43. Kf2 h6 44. c7 1-0

[Event "C.to Provinciale BG"]
[Site "Bergamo ITA"]
[Date "2006.10.27"]
[Round "4"]
[White "Basletta, Giovanni"]
[Black "Guerini, Sara"]
[Result "0-1"]
[WhiteElo "1377"]
[BlackElo "1380"]
[PlyCount "84"]
[EventDate "2006.10.06"]

1. Nf3 Nc6 2. g3 e5 3. d3 Nf6 4. Bg2 Bd6 5. e4 Nb4 6. O-O c5 7. c4 Nc6 8. Nc3
Be7 9. Bg5 h6 10. Bxf6 Bxf6 11. Nd5 d6 12. h3 Be6 13. Re1 O-O 14. a3 a5 15. Nh2
Nd4 16. Nxf6+ Qxf6 17. Rb1 h5 18. Nf3 Bxh3 19. Nxd4 Bxg2 20. Kxg2 cxd4 21. Qxh5
Rfc8 22. Rh1 Kf8 23. Qg4 Ke7 24. Rbf1 g5 25. f4 gxf4 26. gxf4 exf4 27. Rxf4 Qe5
28. Rh5 Qg7 29. Rg5 Qh8 30. Rh5 Qg8 31. Rg5 Qh8 32. Rg7 Rf8 33. Qg5+ Ke8 34. c5
dxc5 35. Qe5+ Kd8 36. Qd5+ Ke8 37. Rgxf7 Qg8+ 38. Kf3 Rxf7 39. Qe5+ Kd8 40.
Qd5+ Ke8 41. Qe5+ Kd8 42. Qe6 Rxf4+ 0-1

[Event "C.to Provinciale BG"]
[Site "Bergamo ITA"]
[Date "2006.10.27"]
[Round "4"]
[White "Bassis, Ivano"]
[Black "Nasoni, Paolo"]
[Result "1-0"]
[WhiteElo "2023"]
[BlackElo "1901"]
[PlyCount "89"]
[EventDate "2006.10.06"]

1. e4 e5 2. Nf3 Nc6 3. Bb5 Nf6 4. Bxc6 dxc6 5. O-O Bd6 6. d4 Bg4 7. h3 Bxf3 8.
Qxf3 Qe7 9. dxe5 Bxe5 10. Nc3 O-O 11. Re1 Qe6 12. Bf4 Rad8 13. Bxe5 Qxe5 14.
Qe3 Rfe8 15. Rad1 b6 16. Rd3 Rxd3 17. Qxd3 h6 18. f3 Re6 19. Rd1 Qc5+ 20. Qd4
Qxd4+ 21. Rxd4 Rd6 22. Rd1 Kf8 23. Kf2 Nd7 24. Ke3 Ke7 25. Rd4 Rg6 26. g4 Rd6
27. f4 Rxd4 28. Kxd4 Nc5 29. f5 f6 30. e5 fxe5+ 31. Kxe5 Nd7+ 32. Kf4 b5 33.
Ne4 Nb6 34. Nc5 Nd5+ 35. Ke5 a5 36. Ne6 Ne3 37. Nxg7 Nxc2 38. f6+ Kf7 39. Ne6
Nb4 40. Nd8+ Kf8 41. Kf5 Nd5 42. Nxc6 a4 43. Ke5 Ne3 44. Ke6 Nc4 45. Ne5 1-0

[Event "C.to Provinciale BG"]
[Site "Bergamo ITA"]
[Date "2006.10.27"]
[Round "4"]
[White "Beretta, Giovanni"]
[Black "Oteri, Aldo"]
[Result "0-1"]
[WhiteElo "1532"]
[BlackElo "1954"]
[PlyCount "84"]
[EventDate "2006.10.06"]

1. c4 e5 2. Nc3 Nf6 3. e4 Nc6 4. g3 b6 5. Bg2 Bb7 6. Nf3 d6 7. d4 g6 8. d5 Nb8
9. O-O Bg7 10. b3 O-O 11. Be3 Ng4 12. Re1 Nxe3 13. Rxe3 f5 14. exf5 gxf5 15.
Nd2 Qf6 16. Nb5 Na6 17. f4 exf4 18. Rc3 fxg3 19. Rb1 gxh2+ 20. Kh1 Qg6 21. Rh3
Be5 22. Nf3 Bg3 23. Nbd4 Kh8 24. Ne2 f4 25. Ned4 Nc5 26. b4 Ne4 27. Rb2 Nf2+
28. Rxf2 Bxf2 29. Rxh2 Bc8 30. Nh4 Qf6 31. Ndf3 Bg3 32. a4 Bg4 33. Qd2 Rae8 34.
Qc2 Qa1+ 35. Ng1 Re1 36. Nhf3 Bxh2 37. Kxh2 Bxf3 38. Nxf3 Re3 39. Ng5 Qg7 40.
Ne6 Qh6+ 41. Kg1 Re1+ 42. Kf2 Qh4+ 0-1

[Event "C.to Provinciale BG"]
[Site "Bergamo ITA"]
[Date "2006.10.27"]
[Round "4"]
[White "Bosio, Giovanni"]
[Black "Merletti, Vincenzo"]
[Result "1/2-1/2"]
[WhiteElo "1643"]
[BlackElo "1545"]
[PlyCount "48"]
[EventDate "2006.10.06"]

1. d4 Nf6 2. c4 e6 3. Nc3 Bb4 4. Bd2 O-O 5. a3 Bxc3 6. Bxc3 d6 7. e3 Ne4 8. Bd3
Nxc3 9. bxc3 c5 10. Ne2 Nc6 11. O-O Qa5 12. f4 b6 13. Qc2 h6 14. f5 Ba6 15.
fxe6 fxe6 16. Nf4 Rf6 17. Bh7+ Kh8 18. Ng6+ Kxh7 19. Ne7+ Kh8 20. Nxc6 Rxf1+
21. Rxf1 Qxa3 22. Ne7 Bxc4 23. Ng6+ Kg8 24. Ne7+ Kh8 1/2-1/2

[Event "C.to Provinciale BG"]
[Site "Bergamo ITA"]
[Date "2006.10.27"]
[Round "4"]
[White "Cambieri, Mario"]
[Black "Mazzotti, Federico"]
[Result "1/2-1/2"]
[WhiteElo "1877"]
[BlackElo "1786"]
[PlyCount "103"]
[EventDate "2006.10.06"]

1. c4 e5 2. Nc3 Nf6 3. g3 Bc5 4. Bg2 Nc6 5. e3 O-O 6. Nge2 d6 7. a3 Bg4 8. h3
Bf5 9. O-O Bd3 10. b4 Bb6 11. Qb3 e4 12. Re1 Ne5 13. c5 dxc5 14. bxc5 Bc4 15.
Qa4 Bxc5 16. Nxe4 Nxe4 17. Bxe4 Bd5 18. d4 Bxe4 19. dxe5 Qd5 20. Nc3 Qxe5 21.
Nxe4 Qxa1 22. Nxc5 Qc3 23. Qb4 Qxb4 24. axb4 b6 25. Nb3 a5 26. bxa5 bxa5 27.
Ba3 Rfd8 28. Nc5 Rd2 29. Rc1 Ra2 30. Rc3 Rd8 31. Nd3 h6 32. Kf1 Rb8 33. Bc1 a4
34. Rxc7 Rb3 35. Nf4 a3 36. Ke1 Rb1 37. Rc3 Rab2 38. Nd3 a2 39. Ra3 a1=Q 40.
Rxa1 Rxa1 41. Nxb2 Rxc1+ 42. Kd2 Rc8 43. Nd3 Ra8 44. Kc3 Rd8 45. Kc4 g5 46. f4
gxf4 47. Nxf4 Kg7 48. Nd5 Kg6 49. Kd4 Ra8 50. g4 Kg5 51. Ke4 Re8+ 52. Kf3
1/2-1/2

[Event "C.to Provinciale BG"]
[Site "Bergamo ITA"]
[Date "2006.10.27"]
[Round "4"]
[White "Canova, Luca"]
[Black "Gerali, Paolo"]
[Result "1-0"]
[WhiteElo "2088"]
[BlackElo "1959"]
[PlyCount "51"]
[EventDate "2006.10.06"]

1. d4 Nf6 2. Nf3 e6 3. c4 d5 4. Nc3 Be7 5. g3 Nbd7 6. Bg2 O-O 7. O-O c6 8. Qc2
Nb6 9. cxd5 exd5 10. Ne5 Be6 11. Bg5 Nc8 12. h3 Nd6 13. g4 Nd7 14. Bxe7 Qxe7
15. b3 f6 16. Nd3 Rfe8 17. Rae1 Qd8 18. e4 dxe4 19. Nxe4 Nxe4 20. Bxe4 Nf8 21.
Nc5 Bc8 22. b4 h5 23. Qc4+ Kh8 24. Qf7 hxg4 25. Qh5+ Kg8 26. Bh7+ 1-0

[Event "C.to Provinciale BG"]
[Site "Bergamo ITA"]
[Date "2006.10.27"]
[Round "4"]
[White "Di Mauro, Valerio"]
[Black "Salvetti, Carlo"]
[Result "1-0"]
[WhiteElo "1586"]
[BlackElo "1377"]
[PlyCount "101"]
[EventDate "2006.10.06"]

1. e4 c6 2. d4 d5 3. f3 dxe4 4. fxe4 e5 5. Nf3 Bg4 6. Bc4 Qxd4 7. Qxd4 exd4 8.
O-O Bc5 9. Kh1 Nf6 10. Ng5 Bh5 11. Nxf7 Bxf7 12. Bxf7+ Ke7 13. e5 Kxf7 14. exf6
gxf6 15. Nd2 Nd7 16. Ne4 Rae8 17. Nxc5 Nxc5 18. Bf4 Ne6 19. Be5 Rhf8 20. Rxf6+
Kg8 21. Rxf8+ Rxf8 22. Kg1 c5 23. Rd1 Rd8 24. g3 c4 25. Kf2 Rd5 26. Bf4 b5 27.
Kf3 d3 28. cxd3 cxd3 29. Ke4 Nxf4 30. gxf4 Rh5 31. Rd2 Rh3 32. Ke5 Re3+ 33. Kd4
Rh3 34. Rxd3 Rxh2 35. Rb3 a6 36. Kc5 Rh6 37. Rd3 Rf6 38. Rf3 Kg7 39. Kd5 Rg6
40. b4 Kf6 41. Ke4 Rg4 42. Ra3 Kg7 43. Rxa6 h5 44. Kf3 Rg1 45. Ra5 h4 46. Rxb5
Kg6 47. Rg5+ Rxg5 48. fxg5 Kxg5 49. b5 h3 50. Kg3 Kf5 51. b6 1-0

[Event "C.to Provinciale BG"]
[Site "Bergamo ITA"]
[Date "2006.10.27"]
[Round "4"]
[White "Elsido, Massimo"]
[Black "Cammarota, Vittorio"]
[Result "0-1"]
[WhiteElo "1790"]
[BlackElo "1926"]
[PlyCount "178"]
[EventDate "2006.10.06"]

1. e4 e5 2. Nf3 Nc6 3. Bb5 a6 4. Ba4 Nf6 5. O-O Nxe4 6. Re1 Nc5 7. Bxc6 dxc6 8.
Nxe5 Be7 9. d3 Ne6 10. Nc3 O-O 11. Ne4 f6 12. Nf3 Rf7 13. d4 Nf8 14. c3 Be6 15.
Qe2 Qd7 16. Nc5 Bxc5 17. dxc5 Re7 18. Nd4 Rae8 19. Nxe6 Rxe6 20. Qc4 Kh8 21.
Be3 Re4 22. Qf1 Qe6 23. Bd2 Qd5 24. Rxe4 Rxe4 25. Be3 Kg8 26. Qd1 Qf7 27. Qb3
Qxb3 28. axb3 Kf7 29. Kf1 Ng6 30. Rd1 Ke7 31. Ke2 Re5 32. g3 Nf8 33. f4 Rd5 34.
Re1 Nd7 35. Kf3 Kf7 36. b4 Nf8 37. g4 g6 38. h4 f5 39. g5 Nd7 40. Ke2 Nf8 41.
Rh1 Rd7 42. h5 Kg8 43. hxg6 hxg6 44. Bd4 Rh7 45. Rxh7 Kxh7 46. Be5 Ne6 47. Ke3
Kg8 48. Kf3 Kf7 49. Ke3 Ke8 50. Kf3 Kd7 51. Ke3 b6 52. cxb6 cxb6 53. b3 c5 54.
bxc5 Nxc5 55. b4 Ne6 56. Kd3 Kc6 57. Kc2 Kd5 58. Kd3 b5 59. Bb8 Nd8 60. Bc7 Nc6
61. Bb6 Nb8 62. Bd4 Nd7 63. Ba7 Nf8 64. Bb8 Ne6 65. Ke3 Kc4 66. Be5 Nf8 67. Kd2
Nd7 68. Bc7 Nf8 69. Be5 Ne6 70. Bb8 Kb3 71. Kd3 Ka4 72. Bd6 a5 73. bxa5 Kxa5
74. Kc2 Ka4 75. Kd2 Kb3 76. Kd3 Ka4 77. Kc2 Ka5 78. Kb3 Kb6 79. Kb4 Kc6 80. Bb8
Nc5 81. Ka3 Kd5 82. Kb2 Nd3+ 83. Kb3 Ke4 84. Kc2 Nxf4 85. Kd2 Ne6 86. Ke2 Nxg5
87. Ba7 Ne6 88. Be3 f4 89. Bd2 g5 0-1

[Event "C.to Provinciale BG"]
[Site "Bergamo ITA"]
[Date "2006.10.27"]
[Round "4"]
[White "Gucciardo, Salvatore"]
[Black "Mangili, Riccardo"]
[Result "1-0"]
[WhiteElo "1560"]
[BlackElo "1668"]
[PlyCount "57"]
[EventDate "2006.10.06"]

1. e4 g6 2. d4 Bg7 3. Nc3 d6 4. Be3 Nd7 5. f4 Nb6 6. h3 Nf6 7. Bd3 Bd7 8. Nf3
c5 9. dxc5 dxc5 10. Bxc5 Rc8 11. Bd4 Na4 12. Nxa4 Bxa4 13. Qe2 Qa5+ 14. c3 O-O
15. O-O Rfd8 16. Qe3 Rd7 17. Ne5 Rxd4 18. cxd4 Rd8 19. Rfc1 Qb6 20. b3 Be8 21.
Rc4 Nd7 22. Nxd7 Rxd7 23. e5 f6 24. Rac1 f5 25. Kh1 a6 26. Rc8 Kf8 27. Ra8 Rc7
28. Rxc7 Qxc7 29. Qd2 1-0

[Event "C.to Provinciale BG"]
[Site "Bergamo ITA"]
[Date "2006.10.27"]
[Round "4"]
[White "Lanni, Vincenzo"]
[Black "Mora, Lorenzo"]
[Result "1/2-1/2"]
[WhiteElo "1784"]
[BlackElo "1837"]
[PlyCount "91"]
[EventDate "2006.10.06"]

1. d4 Nf6 2. g3 g6 3. Bg2 Bg7 4. Nf3 d6 5. O-O O-O 6. c3 Nbd7 7. Nbd2 c6 8. e4
Qc7 9. Re1 b5 10. e5 dxe5 11. Nxe5 Nxe5 12. dxe5 Ng4 13. Nf3 Nxe5 14. Bf4 Bg4
15. h3 Nxf3+ 16. Bxf3 Bxf3 17. Bxc7 Bxd1 18. Raxd1 Bf6 19. Ba5 e6 20. Rd7 Bd8
21. Bxd8 Rfxd8 22. Red1 Rxd7 23. Rxd7 a5 24. f4 e5 25. fxe5 Re8 26. Rd6 Rxe5
27. Rxc6 Re2 28. b4 axb4 29. cxb4 Rxa2 30. Rc5 Kg7 31. Rxb5 Rb2 32. g4 Kf6 33.
g5+ Ke6 34. Rb7 Rc2 35. Rb6+ Kf5 36. Rf6+ Kxg5 37. Rxf7 h5 38. Rf2 Rc3 39. Rb2
Kh4 40. b5 Kxh3 41. b6 Rc8 42. b7 Rb8 43. Kf2 g5 44. Rb5 Kh4 45. Rb4+ g4 46.
Kg2 1/2-1/2

[Event "C.to Provinciale BG"]
[Site "Bergamo ITA"]
[Date "2006.10.27"]
[Round "4"]
[White "Longo, Pietro"]
[Black "Villa, Claudio"]
[Result "1-0"]
[WhiteElo "1772"]
[BlackElo "1798"]
[PlyCount "209"]
[EventDate "2006.10.06"]

1. d4 d5 2. c4 dxc4 3. e4 e5 4. Nf3 Nf6 5. Bxc4 Bb4+ 6. Nc3 O-O 7. Nxe5 Nxe4 8.
O-O Nd6 9. Bb3 Nd7 10. Nd5 Ba5 11. Nf3 h6 12. Bf4 Nf6 13. Nxf6+ Qxf6 14. Be5
Qe7 15. Rc1 c6 16. h3 Bf5 17. Bxd6 Qxd6 18. Rc5 Bxh3 19. gxh3 Bb6 20. Re5 Bc7
21. Qd3 Rad8 22. Rfe1 Rd7 23. Re8 Qf6 24. Bc2 g6 25. Qe4 Qd6 26. Rxf8+ Kxf8 27.
Qe8+ Kg7 28. Qe5+ Qf6 29. Qxf6+ Kxf6 30. Re4 g5 31. Kg2 Bb6 32. h4 Rd5 33.
hxg5+ hxg5 34. Kh3 Kg7 35. Re5 Rxe5 36. dxe5 Bxf2 37. Kg4 f6 38. exf6+ Kxf6 39.
Nxg5 Bd4 40. b3 b5 41. Be4 c5 42. Bd5 a5 43. Nf3 Bc3 44. Kf4 Ke7 45. Ke4 Kd6
46. Ng5 c4 47. bxc4 bxc4 48. Bxc4 Kc5 49. Kd3 Be1 50. a4 Bh4 51. Ne4+ Kb4 52.
Bb5 Be7 53. Kd4 Bd8 54. Kd5 Be7 55. Nd6 Bh4 56. Nb7 Bg3 57. Kc6 Bf2 58. Nd6 Bg3
59. Nc4 Bf2 60. Kb7 Bg3 61. Ka6 Bc7 62. Nb6 Bd8 63. Bd7 Bh4 64. Nd5+ Kc5 65.
Nf4 Kb4 66. Nd3+ Kc3 67. Bb5 Bd8 68. Ne5 Bf6 69. Nc6 Bh4 70. Kxa5 Be1 71. Ka6
Kb3 72. Nd4+ Kb2 73. Bd7 Bc3 74. Nb5 Be1 75. a5 Bxa5 76. Kxa5 Kb3 77. Bf5 Ka2
78. Kb4 Kb2 79. Kc4 Ka2 80. Kc3 Ka1 81. Be6 Kb1 82. Na3+ Ka1 83. Nc2+ Kb1 84.
Bc4 Kc1 85. Ba2 Kd1 86. Nd4 Kc1 87. Ne2+ Kd1 88. Nd4 Kc1 89. Nc2 Kd1 90. Bf7
Kc1 91. Ba2 Kd1 92. Nd4 Kc1 93. Ne2+ Kd1 94. Kd3 Ke1 95. Ke3 Kd1 96. Bb1 Ke1
97. Bc2 Kf1 98. Nf4 Ke1 99. Ng2+ Kf1 100. Kf3 Kg1 101. Bd3 Kh2 102. Nf4 Kg1
103. Kg3 Kh1 104. Be2 Kg1 105. Nh3+ 1-0

[Event "C.to Provinciale BG"]
[Site "Bergamo ITA"]
[Date "2006.10.27"]
[Round "4"]
[White "Maggioni, Oliviero"]
[Black "Giuliani, Andrea"]
[Result "0-1"]
[WhiteElo "1550"]
[BlackElo "1580"]
[PlyCount "56"]
[EventDate "2006.10.06"]

1. e4 e6 2. d4 d5 3. e5 c5 4. c3 Nc6 5. Nf3 Qb6 6. a4 cxd4 7. cxd4 Bb4+ 8. Nc3
Nge7 9. Be2 Nf5 10. Bb5 O-O 11. Bxc6 bxc6 12. O-O Ba6 13. Re1 c5 14. Be3 Rfc8
15. dxc5 Qa5 16. Rc1 Nxe3 17. Rxe3 Rxc5 18. Nd4 Rc4 19. Ncb5 Rxc1 20. Qxc1 Qxa4
21. Nc3 Rc8 22. g3 Qa5 23. Qd1 Bxc3 24. bxc3 Rxc3 25. Rxc3 Qxc3 26. Qa4 Qe1+
27. Kg2 Bf1+ 28. Kf3 Qe4# 0-1

[Event "C.to Provinciale BG"]
[Site "Bergamo ITA"]
[Date "2006.10.27"]
[Round "4"]
[White "Mora, Paolo"]
[Black "Valsecchi, Alessio"]
[Result "0-1"]
[WhiteElo "2260"]
[BlackElo "2030"]
[PlyCount "124"]
[EventDate "2006.10.06"]

1. e4 g6 2. d4 Bg7 3. Nf3 c5 4. c3 Qa5 5. dxc5 Qxc5 6. Be3 Qc7 7. h3 d6 8. Qd2
Nf6 9. Bd3 Nbd7 10. Bh6 Bxh6 11. Qxh6 Nc5 12. Qe3 Qb6 13. Nbd2 Na4 14. Qxb6
axb6 15. O-O-O Nc5 16. Bb1 Be6 17. b3 O-O 18. Nd4 Bd7 19. f3 Nh5 20. Nc4 Ra6
21. Ne3 Rc8 22. Kb2 Nf4 23. Rhe1 Rca8 24. Rd2 e5 25. Ne2 Nfd3+ 26. Rxd3 Rxa2+
27. Kc1 Nxb3+ 28. Kd1 Rb2 29. Nc1 Rxb1 30. Kc2 Rxc1+ 31. Rxc1 Nxc1 32. Kxc1 Be6
33. Rxd6 b5 34. Rb6 Ra1+ 35. Kd2 Ra2+ 36. Kd3 Rb2 37. Rd6 Ba2 38. c4 Bxc4+ 39.
Nxc4 bxc4+ 40. Kxc4 Rxg2 41. Rb6 Rf2 42. Rb3 Kg7 43. h4 Rh2 44. Kd5 Rxh4 45.
Kxe5 b5 46. Kd4 Rh5 47. e5 Rf5 48. Ke4 h5 49. Rxb5 Kh6 50. f4 h4 51. Rb8 Kg7
52. Rb3 Rh5 53. Rh3 Kf8 54. Kf3 Ke7 55. Ke4 Ke6 56. Ke3 Kf5 57. Kf3 Rh8 58. Rh1
h3 59. Rh2 Rb8 60. Kg3 Rb3+ 61. Kh4 Kxf4 62. Rf2+ Rf3 0-1

[Event "C.to Provinciale BG"]
[Site "Bergamo ITA"]
[Date "2006.10.27"]
[Round "4"]
[White "Ranfagni, Stefano"]
[Black "Molteni, Costantino"]
[Result "1-0"]
[WhiteElo "2037"]
[BlackElo "1950"]
[PlyCount "143"]
[EventDate "2006.10.06"]

1. e4 Nf6 2. Nc3 d5 3. exd5 Nxd5 4. d4 Bf5 5. Bc4 e6 6. Nf3 Bb4 7. Bd2 O-O 8.
O-O Nb6 9. Bb3 Nc6 10. a3 Be7 11. h3 Nxd4 12. Nxd4 Qxd4 13. Nb5 Qd7 14. Qe2 a6
15. Nc3 Rad8 16. Rad1 Qc6 17. Rfe1 h6 18. Qh5 Bf6 19. Qe2 Nd5 20. Nxd5 exd5 21.
Qf3 Be4 22. Qg3 Bxb2 23. Bb4 Rfe8 24. c3 a5 25. Bxa5 Bxa3 26. Bxc7 Bd6 27. Bxd6
Rxd6 28. Ba4 Qxa4 29. Qxd6 Rc8 30. Qb4 Qc6 31. Re3 Qa6 32. Rde1 Rc4 33. Qe7 Qc6
34. f3 Bg6 35. Qe8+ Kh7 36. Qxc6 bxc6 37. Rd1 Bc2 38. Rd4 Bb3 39. Rxc4 Bxc4 40.
Re7 Kg6 41. Rc7 Bb5 42. Kf2 Kf6 43. Ke3 Ke6 44. g3 g5 45. f4 gxf4+ 46. Kxf4 Kf6
47. g4 Ke6 48. h4 Kf6 49. Rc8 Kg7 50. Ke5 Be2 51. Rxc6 Bxg4 52. Kxd5 Bf3+ 53.
Kd6 Bxc6 54. Kxc6 f5 55. Kd5 Kg6 56. Ke5 Kh5 57. c4 Kg4 58. c5 f4 59. c6 f3 60.
c7 Kg3 61. c8=Q f2 62. Qg8+ Kh2 63. Qf7 Kg1 64. Qg6+ Kh2 65. Qf5 Kg1 66. Qg4+
Kh2 67. Qf3 Kg1 68. Qg3+ Kf1 69. Ke4 Ke2 70. Qg2 Ke1 71. Ke3 f1=N+ 72. Kf4 1-0

[Event "C.to Provinciale BG"]
[Site "Bergamo ITA"]
[Date "2006.10.27"]
[Round "4"]
[White "Riva, Carlo"]
[Black "Sibella, Guido"]
[Result "1-0"]
[WhiteElo "1601"]
[BlackElo "1469"]
[PlyCount "105"]
[EventDate "2006.10.06"]

1. d4 d5 2. Bf4 Nf6 3. e3 a6 4. Bd3 h6 5. h3 e6 6. Nd2 Bd6 7. Bxd6 Qxd6 8. Ngf3
Nc6 9. c3 O-O 10. O-O Qe7 11. Rb1 Ne4 12. Bxe4 dxe4 13. Nxe4 b6 14. Qc2 Bb7 15.
Ned2 Qd7 16. Nc4 Qe7 17. e4 b5 18. Nce5 Nxe5 19. Nxe5 c5 20. dxc5 Rac8 21. b4
Rfd8 22. Rbd1 Qc7 23. Ng4 e5 24. f3 Qe7 25. Rf2 Rf8 26. Rfd2 Rc7 27. Rd3 f6 28.
Ne3 Re8 29. Rd8 Qf8 30. Rxe8 Qxe8 31. Rd3 g6 32. Qd2 Rc8 33. Nd5 Bxd5 34. Rxd5
h5 35. Rd7 g5 36. Qd5+ Kh8 37. Qf7 Qxf7 38. Rxf7 Rc6 39. Rd7 Kg8 40. Kf2 Kf8
41. Ke2 Ke8 42. Rd6 Rc7 43. Rxf6 a5 44. a3 axb4 45. axb4 Ra7 46. Re6+ Kf7 47.
Rxe5 Kf6 48. Rf5+ Kg6 49. c6 Ra2+ 50. Kf1 Rc2 51. Rc5 Rc1+ 52. Kf2 Rd1 53. c7
1-0

[Event "C.to Provinciale BG"]
[Site "Bergamo ITA"]
[Date "2006.10.27"]
[Round "4"]
[White "Stefanelli, Alfredo"]
[Black "Biava, Pierluigi"]
[Result "0-1"]
[WhiteElo "1778"]
[BlackElo "1811"]
[PlyCount "134"]
[EventDate "2006.10.06"]

1. e4 c5 2. Nf3 e6 3. c3 Nf6 4. e5 Ng8 5. d4 Nc6 6. Bb5 Qb6 7. Bxc6 bxc6 8. O-O
Ne7 9. Nbd2 Ba6 10. Ne4 Ng6 11. dxc5 Bxc5 12. b4 Be7 13. Re1 O-O 14. Be3 Qc7
15. Qd4 f5 16. exf6 Bxf6 17. Nxf6+ Rxf6 18. Rad1 Bc8 19. Ng5 d5 20. Qc5 h6 21.
Nf3 Bd7 22. Bd4 Rf5 23. a4 e5 24. Be3 e4 25. Nd4 Rh5 26. g3 Ne5 27. Bf4 Rf8 28.
Bxe5 Rxe5 29. Nb5 Qb6 30. Qxb6 axb6 31. Nd4 Ra8 32. Ra1 c5 33. bxc5 bxc5 34.
Nb5 Kf7 35. Kg2 g5 36. h3 Ke7 37. g4 Bc6 38. Kg3 Kd7 39. Red1 e3 40. f4 gxf4+
41. Kxf4 Re4+ 42. Kf5 Rf8+ 43. Kg6 e2 44. Re1 Re6+ 45. Kh5 Rf3 46. Kh4 Ree3 47.
Kh5 Rxh3+ 48. Kg6 Re6+ 49. Kf7 Rf3+ 50. Kg7 Rg3 51. Ra2 Rxg4+ 52. Kf7 Rge4 53.
Na7 Bxa4 54. Rd2 Bc6 55. Ra2 Kc7 56. Nxc6 Rxc6 57. Raxe2 Rxe2 58. Rxe2 h5 59.
Re5 d4 60. cxd4 cxd4 61. Rxh5 Rd6 62. Rc5+ Kb6 63. Rc1 d3 64. Ke7 Rd4 65. Ke6
d2 66. Rd1 Kc5 67. Ke5 Kc4 0-1

[Event "C.to Provinciale BG"]
[Site "Bergamo ITA"]
[Date "2006.10.27"]
[Round "4"]
[White "Tentori, Giulio"]
[Black "Impellizzeri, Francesco"]
[Result "0-1"]
[WhiteElo "1814"]
[BlackElo "1688"]
[PlyCount "76"]
[EventDate "2006.10.06"]

1. d4 d5 2. Nf3 Nf6 3. Bf4 c6 4. e3 Bf5 5. Bd3 Bg6 6. c3 e6 7. Qc2 Bxd3 8. Qxd3
Bd6 9. Bxd6 Qxd6 10. Nbd2 Nbd7 11. e4 dxe4 12. Nxe4 Nxe4 13. Qxe4 Nf6 14. Qh4
O-O-O 15. Ne5 Qc7 16. Qf4 Rhf8 17. O-O-O Nd5 18. Qg4 g6 19. Qg3 Qa5 20. Kb1 Qb6
21. Nc4 Qb5 22. Nd6+ Rxd6 23. Qxd6 Nxc3+ 24. Ka1 Rd8 25. Qa3 Nxd1 26. Rxd1 a6
27. Qc3 Qe2 28. Rc1 Qxf2 29. d5 exd5 30. a4 Qxg2 31. Qf6 d4 32. Qxf7 d3 33.
Qe6+ Kb8 34. Qe5+ Ka8 35. Qc3 d2 36. Rd1 Qxh2 37. Qf6 Qd6 38. Qg7 Qd4 0-1

[Event "C.to Provinciale BG"]
[Site "Bergamo ITA"]
[Date "2006.10.27"]
[Round "4"]
[White "Testa, Luigi"]
[Black "Brambilla, Augusto"]
[Result "1-0"]
[WhiteElo "1572"]
[BlackElo "1374"]
[PlyCount "109"]
[EventDate "2006.10.06"]

1. e4 c5 2. Nf3 Nc6 3. Nc3 e6 4. Bb5 Nf6 5. O-O Bd6 6. Bxc6 bxc6 7. e5 Be7 8.
exf6 Bxf6 9. Ne4 Be7 10. d3 d5 11. Nc3 h6 12. Bf4 d4 13. Ne4 Qd5 14. h3 Ba6 15.
Re1 g5 16. Be5 f6 17. Nxf6+ Bxf6 18. Bxf6 Rf8 19. Bg7 Rf5 20. Re5 Qd7 21. Rxf5
Qxg7 22. Rxc5 Bb7 23. Ne5 Rc8 24. Qh5+ Ke7 25. Re1 Kd6 26. b4 Rf8 27. Qg4 Qf6
28. Qg3 a5 29. Nc4+ Kd7 30. Nb6+ Ke8 31. Qb8+ Kf7 32. Qxb7+ Kg8 33. Rf1 Rf7 34.
Qxc6 axb4 35. Nd7 Qg7 36. Ne5 Kh7 37. Nxf7 Qxf7 38. Qc7 Kg6 39. Qxf7+ Kxf7 40.
Re1 Ke7 41. Rce5 Kf7 42. Rxe6 h5 43. Re7+ Kf6 44. R1e6+ Kf5 45. Rd6 g4 46.
hxg4+ hxg4 47. Rxd4 Kf6 48. Ree4 Kf5 49. Rxb4 g3 50. Rb5+ Kf6 51. Ra4 Ke6 52.
Ra6+ Kd7 53. Rb7+ Kc8 54. Rh7 Kb8 55. Rg6 1-0

[Event "C.to Provinciale BG"]
[Site "Bergamo ITA"]
[Date "2006.11.03"]
[Round "5"]
[White "Bassis, Ivano"]
[Black "Ranfagni, Stefano"]
[Result "1/2-1/2"]
[WhiteElo "2023"]
[BlackElo "2037"]
[PlyCount "140"]
[EventDate "2006.10.06"]

1. e4 e6 2. Qe2 c5 3. d3 Nc6 4. Nf3 d6 5. g3 g6 6. Bg2 Bg7 7. O-O Nge7 8. c3
O-O 9. Re1 e5 10. a3 a5 11. a4 f5 12. Bg5 h6 13. Bxe7 Qxe7 14. exf5 Bxf5 15.
Nh4 Kh7 16. Nxf5 gxf5 17. Nd2 Rae8 18. Nc4 Qc7 19. Ne3 f4 20. Nd5 Qf7 21. Be4+
Kh8 22. Qg4 fxg3 23. fxg3 Qe6 24. Qh5 Rd8 25. Rf1 Rxf1+ 26. Rxf1 Rf8 27. Rxf8+
Bxf8 28. Qf3 Bg7 29. Qf5 Qxf5 30. Bxf5 Bf8 31. Bc8 Ne7 32. Nxe7 Bxe7 33. Bxb7
Kg7 34. Kf2 Bg5 35. Kf3 Kf6 36. Ke4 Ke6 37. Bc8+ Ke7 38. Kf5 Bc1 39. b3 Bd2 40.
c4 Kf7 41. g4 Bg5 42. Bb7 Ke7 43. Bd5 Bh4 44. Kg6 Bg5 45. h4 Bxh4 46. Kxh6 Kf6
47. Kh5 Bg5 48. Be4 Be3 49. Kh4 Bd2 50. Kg3 Kg5 51. Kf3 Kf6 52. Bf5 Ke7 53. Ke4
Bg5 54. Kd5 Bd2 55. Kc6 Bg5 56. Kb6 Bd2 57. g5 Bb4 58. g6 Kf6 59. Kc7 Ke7 60.
g7 Kf7 61. Kxd6 Kxg7 62. Kxe5 Kf7 63. Kd5 Ke7 64. d4 cxd4 65. c5 Kd8 66. Kxd4
Kc7 67. Kd5 Be1 68. c6 Bd2 69. Kc5 Bb4+ 70. Kb5 Be1 1/2-1/2

[Event "C.to Provinciale BG"]
[Site "Bergamo ITA"]
[Date "2006.11.03"]
[Round "5"]
[White "Beretta, Giovanni"]
[Black "Riva, Carlo"]
[Result "0-1"]
[WhiteElo "1532"]
[BlackElo "1601"]
[PlyCount "108"]
[EventDate "2006.10.06"]

1. c4 c5 2. Nc3 Nc6 3. g3 g6 4. Bg2 Bg7 5. Nf3 Nf6 6. O-O O-O 7. e4 e5 8. b3 d6
9. Bb2 Ne7 10. Re1 Bg4 11. h3 Bxf3 12. Qxf3 Rb8 13. Rad1 Ne8 14. Qg4 Qc8 15.
Qxc8 Rxc8 16. Nd5 Nxd5 17. exd5 f5 18. f4 e4 19. Bxg7 Kxg7 20. d3 exd3 21. Rxd3
Nf6 22. Re6 Rcd8 23. Rde3 Rf7 24. Bf3 Rdd7 25. g4 fxg4 26. hxg4 b6 27. g5 Ng8
28. R3e4 Rfe7 29. Bg4 Rf7 30. a3 Ne7 31. Rf6 Nf5 32. Ree6 Rxf6 33. Rxf6 Rf7 34.
Bxf5 Rxf6 35. gxf6+ Kxf6 36. Be6 h5 37. Kg2 g5 38. fxg5+ Kxg5 39. b4 Kf4 40.
Bf7 h4 41. Bh5 Ke3 42. Kf1 h3 43. Bd1 Kd3 44. bxc5 bxc5 45. Be2+ Kc3 46. Ke1 h2
47. Bf3 Kxc4 48. Kd1 Kb3 49. Kc1 a5 50. Be4 Kxa3 51. Kb1 c4 52. Ka1 Kb3 53. Kb1
Kc3 54. Ka2 Kd2 0-1